<?xml version="1.0" encoding="UTF-8"?>
<record
    xmlns:xsi="http://www.w3.org/2001/XMLSchema-instance"
    xsi:schemaLocation="http://www.loc.gov/MARC21/slim http://www.loc.gov/standards/marcxml/schema/MARC21slim.xsd"
    xmlns="http://www.loc.gov/MARC21/slim">

  <leader>01241nam a2200301 i 4500</leader>
  <controlfield tag="001">9261</controlfield>
  <controlfield tag="003">ES-MaACL</controlfield>
  <controlfield tag="005">20230906145634.0</controlfield>
  <controlfield tag="007">t|</controlfield>
  <controlfield tag="008">930527s1991    sp           ||||1| spa d</controlfield>
  <datafield tag="020" ind1=" " ind2=" ">
    <subfield code="a">84-7483-792-8</subfield>
  </datafield>
  <datafield tag="080" ind1=" " ind2=" ">
    <subfield code="a">902.6(463.8)</subfield>
  </datafield>
  <datafield tag="100" ind1="1" ind2=" ">
    <subfield code="a">Jimeno Mart&#xED;nez, Alfredo.</subfield>
    <subfield code="9">66652</subfield>
  </datafield>
  <datafield tag="245" ind1="1" ind2="4">
    <subfield code="a">Los Tolmos de Caracena (Soria), (Campa&#xF1;as 1981 y 1982) </subfield>
    <subfield code="b">: aportaci&#xF3;n al Bronce Medio de la Meseta / </subfield>
    <subfield code="c">Alfredo Jimeno Mart&#xED;nez, J. Javier Fern&#xE1;ndez Moreno.</subfield>
  </datafield>
  <datafield tag="250" ind1=" " ind2=" ">
    <subfield code="a">1&#xAA; ed.</subfield>
  </datafield>
  <datafield tag="260" ind1=" " ind2=" ">
    <subfield code="a">Madrid : </subfield>
    <subfield code="b">Instituto de Conservaci&#xF3;n y Restauraci&#xF3;n de Bienes Culturales,</subfield>
    <subfield code="c">1991.</subfield>
  </datafield>
  <datafield tag="300" ind1=" " ind2=" ">
    <subfield code="a">141 p., [4] h. pleg. : </subfield>
    <subfield code="b">il. ; </subfield>
    <subfield code="c">30 cm.</subfield>
  </datafield>
  <datafield tag="490" ind1="1" ind2=" ">
    <subfield code="a">Excavaciones arqueol&#xF3;gicas en Espa&#xF1;a ; </subfield>
    <subfield code="v">161</subfield>
  </datafield>
  <datafield tag="500" ind1=" " ind2=" ">
    <subfield code="a">Indice.</subfield>
  </datafield>
  <datafield tag="650" ind1="1" ind2="4">
    <subfield code="a">Excavaciones arqueol&#xF3;gicas-</subfield>
    <subfield code="z">Soria (Provincia)</subfield>
    <subfield code="9">12648</subfield>
  </datafield>
  <datafield tag="650" ind1="1" ind2="4">
    <subfield code="a">Edad del Bronce-</subfield>
    <subfield code="z">Soria (Provincia)</subfield>
    <subfield code="9">12046</subfield>
  </datafield>
  <datafield tag="651" ind1=" " ind2="4">
    <subfield code="a">Los Tolmos (Soria)-</subfield>
    <subfield code="x">Restos arqueol&#xF3;gicos prehist&#xF3;ricos.</subfield>
    <subfield code="9">8931</subfield>
  </datafield>
  <datafield tag="700" ind1="1" ind2=" ">
    <subfield code="a">Fern&#xE1;ndez Moreno, J. Javier.</subfield>
    <subfield code="9">49942</subfield>
  </datafield>
  <datafield tag="710" ind1="2" ind2=" ">
    <subfield code="a">Instituto de Conservaci&#xF3;n y Restauraci&#xF3;n de Bienes Culturales (Espa&#xF1;a)</subfield>
    <subfield code="9">4845</subfield>
  </datafield>
  <datafield tag="830" ind1="0" ind2=" ">
    <subfield code="a">Excavaciones arqueol&#xF3;gicas en Espa&#xF1;a ; </subfield>
    <subfield code="v">161</subfield>
    <subfield code="9">177264</subfield>
  </datafield>
  <datafield tag="852" ind1=" " ind2=" ">
    <subfield code="a">ES-MaACL</subfield>
    <subfield code="j">L-16429 </subfield>
    <subfield code="b">R.120328</subfield>
  </datafield>
  <datafield tag="999" ind1=" " ind2=" ">
    <subfield code="c">9261</subfield>
    <subfield code="d">9261</subfield>
  </datafield>
  <datafield tag="952" ind1=" " ind2=" ">
    <subfield code="0">0</subfield>
    <subfield code="1">0</subfield>
    <subfield code="4">0</subfield>
    <subfield code="7">0</subfield>
    <subfield code="a">ATENEOM</subfield>
    <subfield code="b">ATENEOM</subfield>
    <subfield code="c">DEPO2</subfield>
    <subfield code="d">2008-01-17</subfield>
    <subfield code="e">SC</subfield>
    <subfield code="l">0</subfield>
    <subfield code="o">L-16429</subfield>
    <subfield code="p">1009450</subfield>
    <subfield code="r">2023-02-23 00:00:00</subfield>
    <subfield code="w">2023-02-23</subfield>
    <subfield code="y">MONOGRAFIA</subfield>
  </datafield>
</record>
